Normal view
MARC view
- Kupor, Daniella.
Entry Personal Name
001 - CONTROL NUMBER
- control field: 59140
003 - CONTROL NUMBER IDENTIFIER
- control field: OSt
005 - DATE AND TIME OF LATEST TRANSACTION
- control field: 20240827201248.0
008 - FIXED-LENGTH DATA ELEMENTS
- fixed length control field: 240827|| aca||aabn | a|a d
040 ## - CATALOGING SOURCE
- Original cataloging agency: OSt
- Transcribing agency: OSt
100 ## - HEADING--PERSONAL NAME
- Personal name: Kupor, Daniella.
- Relator term: author.
670 ## - SOURCE DATA FOUND
- Source citation: Work cat.: (OSt): Kupor, Daniella. author., And the winner is ...? forecasting the outcome of others' competitive efforts /, September 2019.
